000 00702nam a22002171a 4500
001 18016
003 OSt
005 20260204212345.0
008 170217s2014||||ck ||||||b||||||||||spa||
020 _a9789587651065
082 _a511.322 R571m
100 _aRobledo Potes, Jaime
245 _aMatemática Fundamental para matemáticos / Jaime Robledo Potes
250 _a4 ed.
264 _aCali : Universidad del Valle
300 _a328 p.
490 _aCEP - Banco de la República - Biblioteca Luis Ángel Arango
500 _aIncluye índice Analítico
650 _a1.MATEMÁTICAS-ENSEÑANZA 2.TEORÍA DE CONJUNTOS 3.LÓGICA SIMBÓLICA Y MATEMÁTICA 4.NÚMEROS REALESÌ
942 _2ddc
_cBK
999 _c18016
_d18016